000 00467nam a22001577a 4500
005 20200618133333.0
008 200618b xxu||||| |||| 00| 0 eng d
082 _a345.4 AIR
110 _aALL INDIA REPORTER
_96165
245 _aALL INDIA REPORTER [ 1994] [VOL-81] SUPREME COURT SECTION
260 _aMUMBAI
_bALL INDIA REPORTER , PVT. LTD.
300 _a1376,p
_eALL INDIA REPORTER
440 _aALL INDIA REPORTER
_96165
650 _aLAW
_95701
942 _cJRL
999 _c7216
_d7214